The outsiders

Guardado en:
Detalles Bibliográficos
Autor principal: Hinton, S. E.
Formato: Libro
Lenguaje:Undetermined
Publicado: New York Penguin 1995
Materias:
Etiquetas: Agregar Etiqueta
Sin Etiquetas, Sea el primero en etiquetar este registro!
Thư viện lưu trữ: Trung tâm Học liệu Trường Đại học Cần Thơ
LEADER 00445nam a2200181Ia 4500
001 CTU_226481
008 210402s9999 xx 000 0 und d
082 |a 813.54 
082 |b H666 
100 |a Hinton, S. E. 
245 4 |a The outsiders 
245 0 |c S. E. Hinton 
260 |a New York 
260 |b Penguin 
260 |c 1995 
650 |a Gia đình,Family 
910 |b nthai 
980 |a Trung tâm Học liệu Trường Đại học Cần Thơ